00471nam a2200157Ia 4500020001800000082002200018100001900040245003200059260002800091300001400119650003000133650003600163650004500199650002600244650004300270 a9788189884529 aRR 920.7254 MAZ-M aMazumdar, Vina 0aMemories of a rolling stone aNew DelhibZubaanc2010 aviii, 183 aMazumdar, VinavBiography aWomenvIndiavSocial conditions aWomen social reformersvIndiavBiography aWomenzIndiazHistory aWomen social workersvIndiavBiography